|
|
|
|
| LEADER |
01489nam a22004215a 4500 |
| 001 |
DER.der015172 |
| 008 |
250421s2025####xx############000#0#und#d |
| 005 |
20250422164951.0 |
| 245 |
1 |
0 |
|a Ley de contrato de trabajo :
|b comentada y concordada /
|c Ramón Alvarez Bangueses...[et al.] dirigido por Miguel Angel Maza, Leonardo G. Bloise y Agustín A. A. Guerrero.
|
| 250 |
|
|
|a 4a. ed. act.
|
| 260 |
|
|
|a Santa Fe :
|b Rubinzal Culzoni,
|c 2025.
|
| 300 |
|
|
|a 659 p.
|
| 500 |
|
|
|a En esta edición se actualiza con la Ley 27.742.
|
| 020 |
|
|
|a 9789873051562
|
| 100 |
1 |
|
|a Maza, Miguel Angel,
|e dir.
|
| 700 |
1 |
|
|a Bloise, Leonardo G.,
|e dir.
|
| 700 |
1 |
|
|a Guerrero, Agustín A. A.,
|e dir.
|
| 700 |
1 |
|
|a Alvarez Bangueses, Ramón.
|
| 700 |
1 |
|
|a Arcaro, Silvina V.
|
| 700 |
1 |
|
|a Bruno, Oscar A.
|
| 700 |
1 |
|
|a Cascante, María Cecilia.
|
| 700 |
1 |
|
|a Confalonieri, Edgardo F. A.
|
| 700 |
1 |
|
|a Corti, Esteban.
|
| 700 |
1 |
|
|a de Ugarte, Osvaldo J.
|
| 700 |
1 |
|
|a Garberi, María Cecilia.
|
| 700 |
1 |
|
|a Iglesias, Pablo.
|
| 700 |
1 |
|
|a Marín Rodríguez, Carlos.
|
| 700 |
1 |
|
|a Maza, María Alejandra.
|
| 700 |
1 |
|
|a Neiner, Laura V.
|
| 700 |
1 |
|
|a Olivari, Mariela.
|
| 700 |
1 |
|
|a Pose, Diana Mariel.
|
| 700 |
1 |
|
|a Pose, Lucía Verónica.
|
| 700 |
1 |
|
|a Romualdi, Marco.
|
| 700 |
1 |
|
|a Torelli Vincelot, Liliana.
|
| 700 |
1 |
|
|a Vidal Mauriz, Luciano.
|
| 650 |
|
7 |
|a DERECHO LABORAL
|
| 859 |
|
|
|a DERECHO
|b BIB. DERECHO
|h 344.01
|i LEY
|p 0010571
|
| 859 |
|
|
|a DERECHO
|b BIB. DERECHO
|h 344.01
|i LEY
|p 0010572
|t 1
|